| Tag |
First Indicator |
Second Indicator |
Subfields |
| LEADER |
00000cam a2200000Ia 4500 |
| 001 |
in00002379080 |
| 005 |
20151109040951.0 |
| 008 |
060111s2005 dcua b 001 0 eng d |
| 035 |
|
|
|a (OCoLC)ocm62876622
|
| 040 |
|
|
|a CSU
|c CSU
|d CSU
|d UWC
|d IXA
|d ORE
|d LHL
|d NTD
|d TXA
|d UtOrBLW
|
| 041 |
1 |
|
|a eng
|b spa
|h spa
|
| 043 |
|
|
|a nwpr---
|a nwvi---
|
| 049 |
|
|
|a TXAM
|
| 086 |
0 |
|
|a SI 3.8:52
|
| 090 |
|
|
|a QK1
|b .U5 vol.52
|
| 090 |
|
|
|a QK495.A14
|b M66 2005
|
| 245 |
0 |
0 |
|a Monocotyledons and gymnosperms of Puerto Rico and the Virgin Islands /
|c editors: Pedro Acevedo-Rodriguez and Mark T. Strong.
|
| 246 |
1 |
7 |
|a Monocots and gymnosperms of Puerto Rico and the Virgin Islands
|
| 264 |
|
1 |
|a Washington, DC :
|b Dept. of Botany, National Museum of Natural History,
|c 2005.
|
| 300 |
|
|
|a 415 pages :
|b illustrations (some color) ;
|c 26 cm.
|
| 336 |
|
|
|a text
|b txt
|2 rdacontent
|
| 337 |
|
|
|a unmediated
|b n
|2 rdamedia
|
| 338 |
|
|
|a volume
|b nc
|2 rdacarrier
|
| 490 |
1 |
|
|a Contributions from the United States National Herbarium ;
|v volume 52: 1-415
|
| 530 |
|
|
|a Also available on the World Wide Web.
|
| 504 |
|
|
|a Includes bibliographical references and indexes.
|
| 546 |
|
|
|a Abstract also in Spanish.
|
| 650 |
|
0 |
|a Monocotyledons
|z Puerto Rico.
|
| 650 |
|
0 |
|a Monocotyledons
|z United States Virgin Islands.
|
| 650 |
|
0 |
|a Gymnosperms
|z United States Virgin Islands.
|
| 650 |
|
0 |
|a Gymnosperms
|z Puerto Rico.
|
| 700 |
1 |
|
|a Acevedo-Rodríguez, Pedro.
|
| 700 |
1 |
|
|a Strong, Mark T.
|
| 710 |
2 |
|
|a National Museum of Natural History (U.S.).
|b Department of Botany.
|
| 830 |
|
0 |
|a Contributions from the United States National Herbarium ;
|v v. 52.
|
| 856 |
4 |
1 |
|u http://www.nmnh.si.edu/botany/pubs/CUSNH/vol52web.pdf
|z Connect to this title online
|t 0
|
| 948 |
|
|
|a cataloged
|b h
|c 2008/03/19
|e pkellar
|f 12:00:58 pm
|
| 994 |
|
|
|a C0
|b TXA
|
| 999 |
|
|
|a MARS
|
| 999 |
f |
f |
|s 3371c567-49c7-35e8-8aed-39c025a803a8
|i 95e78fff-8a2f-3ab7-a02c-84801ba6a8d4
|t 0
|
| 952 |
f |
f |
|p normal
|a Texas A&M University
|b College Station
|c Sterling C. Evans Library
|d Evans: US Documents (Annex 5th floor)
|t 0
|e SI 3.8:52
|h Superintendent of Documents classification
|i unmediated -- volume
|m A14836947910
|
| 952 |
f |
f |
|a Texas A&M University
|b College Station
|c Electronic Resources
|d Available Online
|t 0
|e SI 3.8:52
|h Superintendent of Documents classification
|
| 998 |
f |
f |
|a SI 3.8:52
|t 0
|l Evans: US Documents (Annex 5th floor)
|
| 998 |
f |
f |
|a SI 3.8:52
|t 0
|l Available Online
|